| 000 | 00391nam a2200157Ia 4500 | ||
|---|---|---|---|
| 005 | 20250522033635.0 | ||
| 008 | 240331s9999 xx 000 0 und d | ||
| 082 |
_a301 _bMAL |
||
| 100 | _aMallika, A | ||
| 245 | 0 | _aPenniya kuralathivum dalit penniya udalmoliyum | |
| 260 |
_aChennai _bKaavya _c2002 |
||
| 300 | _aix, 86 p ., | ||
| 650 | _aDalit Women | ||
| 650 | _aUdal mozlium | ||
| 942 | _cL | ||
| 999 |
_c1034 _d1034 |
||